Как относиться к себе и людям, или Практическая психология на каждый день

Bibliographische Detailangaben
1. Verfasser: Козлов Н. И. Николай Иванович
Sprache:Russisch
Veröffentlicht: Москва, Новая школа, 1994
Ausgabe:2-е изд., перераб. и доп.
Schriftenreihe:Педагогика, психология, медицина
Schlagworte:
Format: MixedMaterials Buch
KOHA link:https://koha.lib.tpu.ru/cgi-bin/koha/opac-detail.pl?biblionumber=20715

MARC

LEADER 00000nam0a2200000 4500
001 20715
005 20231030192216.0
010 |a 5730100760 
035 |a (RuTPU)RU\TPU\book\20904 
035 |a BOOK00020975 
090 |a 20715 
100 |a 20011209d1994 m y0rusy50 ca 
101 0 |a rus 
102 |a RU 
105 |a a z 000zy 
200 1 |a Как относиться к себе и людям, или Практическая психология на каждый день  |f Н. И. Козлов 
205 |a 2-е изд., перераб. и доп. 
210 |a Москва  |c Новая школа  |d 1994 
215 |a 312 с.  |c ил. 
225 1 |a Педагогика, психология, медицина 
610 1 |a психология 
610 1 |a социальная психология 
610 1 |a общение 
610 1 |a личность 
610 1 |a семья 
610 1 |a брак 
610 1 |a секс 
610 1 |a любовь 
610 1 |a половая жизнь 
686 |a Ю953  |v LBC/SL-A  |2 rubbk 
700 1 |a Козлов  |b Н. И.  |g Николай Иванович 
801 0 |a RU  |b 63413507  |c 20011209  |g PSBO 
801 2 |a RU  |b 63413507  |c 20121012  |g PSBO 
942 |c BK